Statistics for 300 Biggest U.S. Cities

Click here to take the quiz!

General Stats

  • This quiz has been taken 6,903 times
    (6,846 since last reset)
  • The average score is 163 of 300

Answer Stats

RankCityPopulation% Correct
1New York City, NY8,550,405
98%
2Los Angeles, CA3,971,883
97%
3Chicago, IL2,720,546
96%
4Houston, TX2,296,224
95%
9Dallas, TX1,300,092
94%
23Boston, MA667,137
93%
44Miami, FL441,003
93%
5Philadelphia, PA1,567,442
93%
13San Francisco, CA864,816
93%
6Phoenix, AZ1,563,025
92%
8San Diego, CA1,394,928
92%
18Seattle, WA684,541
92%
39Atlanta, GA463,878
90%
11Austin, TX931,830
90%
21Detroit, MI677,116
90%
148Jackson, MS170,674
90%
28Las Vegas, NV623,747
90%
26Portland, OR632,309
90%
22Washington, DC672,228
90%
19Denver, CO682,545
89%
7San Antonio, TX1,469,845
89%
14Indianapolis, IN853,173
88%
171Kansas City, KS151,306
88%
36Kansas City, MO475,378
88%
49New Orleans, LA389,617
88%
12Jacksonville, FL868,031
87%
46Minneapolis, MN410,939
87%
25Nashville, TN654,610
87%
24Memphis, TN655,770
86%
73Orlando, FL270,934
86%
35Sacramento, CA490,712
86%
10San Jose, CA1,026,908
86%
29Baltimore, MD621,849
85%
17Charlotte, NC827,097
85%
116Columbus, GA200,579
85%
15Columbus, OH850,106
85%
27Oklahoma City, OK631,346
85%
63Pittsburgh, PA305,391
85%
60St. Louis, MO315,685
85%
53Tampa, FL369,075
85%
66Cincinnati, OH298,550
84%
51Cleveland, OH388,072
84%
31Milwaukee, WI600,155
83%
78Buffalo, NY258,071
82%
20El Paso, TX681,124
82%
42Raleigh, NC451,066
81%
124Salt Lake City, UT192,672
81%
32Albuquerque, NM559,121
80%
16Fort Worth, TX833,319
80%
30Louisville, KY615,366
80%
236Springfield, IL116,565
80%
163Springfield, MA154,341
80%
150Springfield, MO166,810
80%
99Boise, ID218,281
79%
102Birmingham, AL212,461
78%
265(T)Richmond, CA109,708
78%
98Richmond, VA220,289
78%
64St. Paul, MN300,851
78%
33Tucson, AZ531,641
78%
97Baton Rouge, LA228,590
77%
199Charleston, SC132,609
77%
43Omaha, NE443,885
77%
40Colorado Springs, CO465,568
76%
45Oakland, CA419,267
76%
87Reno, NV241,445
76%
47Tulsa, OK403,505
76%
34Fresno, CA520,052
75%
55Honolulu, HI352,769
75%
118Little Rock, AR197,992
75%
104Des Moines, IA210,330
74%
72Lincoln, NE277,348
74%
84Madison, WI248,951
74%
135Providence, RI179,207
74%
152Salem, OR164,549
74%
70Newark, NJ281,944
73%
126Tallahassee, FL189,907
73%
41Virginia Beach, VA452,745
73%
250Rochester, MN112,225
72%
105Rochester, NY209,802
72%
48Wichita, KS389,965
72%
65Anchorage, AK298,695
71%
229Columbia, MO119,108
71%
195Columbia, SC133,803
71%
115Montgomery, AL200,602
71%
37Long Beach, CA474,140
70%
50Arlington, TX388,125
69%
61Lexington, KY314,488
69%
56Anaheim, CA350,742
68%
121Augusta, GA197,182
68%
38Mesa, AZ471,825
68%
180Savannah, GA145,674
68%
71Toledo, OH279,789
68%
75Jersey City, NJ264,290
67%
101Spokane, WA213,272
67%
52Bakersfield, CA373,640
66%
58Corpus Christi, TX324,074
66%
187Dayton, OH140,599
66%
122Grand Rapids, MI195,097
66%
220Hartford, CT124,006
66%
129Knoxville, TN185,291
66%
123Mobile, AL194,288
66%
215Topeka, KS127,265
65%
136Fort Lauderdale, FL178,590
64%
68Greensboro, NC285,342
64%
182Syracuse, NY144,142
64%
119Akron, OH197,542
63%
54Aurora, CO359,407
63%
114Aurora, IL200,661
63%
79Durham, NC257,636
63%
59Riverside, CA322,424
63%
100San Bernardino, CA216,108
63%
145Sioux Falls, SD171,544
63%
80St. Petersburg, FL257,083
63%
106Tacoma, WA207,948
63%
77Fort Wayne, IN260,326
62%
86Norfolk, VA246,393
62%
231Fargo, ND118,523
61%
242Lansing, MI115,056
61%
117Amarillo, TX198,645
60%
154Eugene, OR163,460
60%
83Lubbock, TX249,042
60%
57Santa Ana, CA335,400
60%
200Waco, TX132,356
58%
137Chattanooga, TN176,588
57%
283Green Bay, WI105,207
57%
204New Haven, CT130,322
57%
95North Las Vegas, NV234,807
57%
92Scottsdale, AZ236,839
57%
62Stockton, CA305,658
57%
67Henderson, NV285,667
56%
81Irvine, CA256,927
56%
82Laredo, TX255,473
56%
262Manchester, NH110,229
56%
120Shreveport, LA197,204
56%
112Yonkers, NY201,116
56%
178Bridgeport, CT147,629
55%
238Wilmington, NC115,933
55%
89Glendale, AZ240,126
54%
113Glendale, CA201,020
54%
131Brownsville, TX183,887
53%
125Huntsville, AL190,582
53%
183Pasadena, CA142,250
53%
164Pasadena, TX153,784
53%
69Plano, TX283,558
53%
130Worcester, MA184,815
53%
261Billings, MT110,263
52%
212Concord, CA128,667
52%
110Fayetteville, NC201,963
52%
144Vancouver, WA172,860
52%
88Winston-Salem, NC241,218
52%
166Alexandria, VA153,511
51%
221Athens, GA122,604
51%
276Boulder, CO107,349
51%
74Chula Vista, CA265,757
51%
240Provo, UT115,264
51%
227Allentown, PA120,207
50%
203Cedar Rapids, IA130,405
50%
76Chandler, AZ260,828
50%
214Lafayette, LA127,657
50%
234Ann Arbor, MI117,070
49%
156Fort Collins, CO161,175
49%
172Hollywood, FL149,728
49%
93Irving, TX236,607
49%
103Modesto, CA211,266
49%
146Peoria, AZ171,237
49%
241Peoria, IL115,070
49%
133Santa Clarita, CA182,371
49%
138Tempe, AZ175,826
49%
94Chesapeake, VA235,429
48%
165Macon, GA153,515
48%
188McAllen, TX140,269
48%
132Newport News, VA182,385
48%
96Fremont, CA232,206
47%
90Hialeah, FL237,069
47%
184Orange, CA140,992
47%
108Oxnard, CA207,254
46%
218Santa Clara, CA126,215
46%
85Gilbert, AZ247,542
45%
111Huntington Beach, CA201,899
45%
157Lancaster, CA161,103
45%
143Santa Rosa, CA174,972
45%
259Cambridge, MA110,402
44%
91Garland, TX236,897
44%
175Rockford, IL148,278
44%
176Joliet, IL147,861
43%
147Ontario, CA171,214
43%
142Cape Coral, FL175,229
42%
228Evansville, IN119,943
42%
206Gainesville, FL130,128
42%
198Midland, TX132,950
42%
179Naperville, IL147,100
42%
128Overland Park, KS186,515
42%
225Berkeley, CA120,972
41%
162Frisco, TX154,407
41%
230Odessa, TX118,968
41%
298South Bend, IN101,516
41%
278West Palm Beach, FL106,779
41%
189Bellevue, WA139,820
40%
297Las Cruces, NM101,643
40%
139Oceanside, CA175,691
40%
134Port St. Lucie, FL179,413
40%
173Clarksville, TN149,176
39%
294Davenport, IA102,582
39%
177Paterson, NJ147,754
39%
158Cary, NC159,769
38%
202Denton, TX131,044
38%
168Lakewood, CO152,597
38%
109Moreno Valley, CA204,198
38%
159Palmdale, CA158,351
38%
107Fontana, CA207,460
37%
155McKinney, TX162,898
37%
267Pueblo, CO109,412
37%
141Rancho Cucamonga, CA175,236
37%
223Abilene, TX121,721
36%
282Burbank, CA105,319
36%
153Corona, CA164,226
36%
210Elizabeth, NJ129,007
36%
149Elk Grove, CA166,913
36%
127Grand Prairie, TX187,809
36%
167Pomona, CA153,266
36%
161Salinas, CA157,380
36%
211Stamford, CT128,874
36%
174Torrance, CA148,475
36%
193Warren, MI135,358
36%
248Clearwater, FL113,003
35%
170Escondido, CA151,451
35%
191Hampton, VA136,454
35%
186Killeen, TX140,806
35%
286Lakeland, FL104,401
35%
194Olathe, KS134,305
35%
284Santa Maria, CA105,093
35%
192West Valley City, UT136,208
35%
232Beaumont, TX118,129
34%
185Fullerton, CA140,847
34%
216Kent, WA126,952
34%
181Mesquite, TX144,788
34%
219Murfreesboro, TN126,118
34%
226Norman, OK120,284
34%
213Surprise, AZ128,422
34%
279Broken Arrow, OK106,563
33%
273College Station, TX107,889
33%
140Garden Grove, CA175,393
33%
160Hayward, CA158,289
33%
151Pembroke Pines, FL166,611
33%
169Sunnyvale, CA151,754
33%
209Thousand Oaks, CA129,339
33%
285Wichita Falls, TX104,710
33%
244Carlsbad, CA113,453
32%
272Everett, WA108,010
32%
233Independence, MO117,255
32%
289Tyler, TX103,700
32%
254Inglewood, CA111,666
31%
256Lowell, MA110,699
31%
246Miami Gardens, FL113,187
31%
205Roseville, CA130,269
31%
196Thornton, CO133,451
31%
201Sterling Heights, MI132,052
30%
265(T)Ventura, CA
30%
207Visalia, CA130,104
30%
190Miramar, FL137,132
29%
271North Charleston, SC108,304
29%
291San Mateo, CA103,536
29%
224Vallejo, CA121,253
29%
222Victorville, CA122,225
29%
253West Jordan, UT111,946
29%
247Westminster, CO113,130
29%
197Carrollton, TX133,168
28%
280Daly City, CA106,562
28%
249Fairfield, CA112,970
28%
237Round Rock, TX115,997
28%
217Simi Valley, CA126,788
28%
258Antioch, CA110,542
27%
239Arvada, CO115,368
27%
300Greeley, CO100,883
27%
275Pompano Beach, FL107,762
27%
269Waterbury, CT108,802
27%
270West Covina, CA108,484
27%
290El Cajon, CA103,679
26%
260High Point, NC110,268
26%
274Palm Bay, FL107,888
26%
287Clovis, CA104,180
25%
208Coral Springs, FL129,485
25%
245Costa Mesa, CA113,204
25%
251Elgin, IL112,111
25%
288Lewisville, TX104,039
25%
277Norwalk, CA107,140
25%
255Richardson, TX110,815
25%
252Temecula, CA112,011
25%
295Hillsboro, OR102,347
24%
268Pearland, TX108,821
24%
264Centennial, CO109,741
23%
243Downey, CA114,219
23%
257Gresham, OR110,553
23%
299Vista, CA100,890
23%
293Edison, NJ102,701
22%
235El Monte, CA116,732
22%
263Murrieta, CA109,830
22%
281Sandy Springs, GA105,330
21%
292Rialto, CA103,132
20%
296Woodbridge, NJ102,105
18%

Score Distribution

Percentile by Number Answered

Percent of People with Each Score

Your Score History

You have not taken this quiz since the last reset